Statistics for The Big Bang Theory Trivia Quiz

Click here to take the quiz!

General Stats

  • This quiz has been taken 507 times
    (457 since last reset)
  • The average score is 10 of 17

Answer Stats

Hint Answer % Correct
Which is married?Howard
90%
By Season 6, which member of the group is still single?Raj
89%
He plays the role of Sheldon CooperJim Parsons
81%
Which character wears Green Lantern shirts to promote DC comics?Sheldon Cooper
78%
Other then making 'The Big Bang Theory' Chuck Lorre also made... (Hint: Charlie Sheen)Two and a Half Men
75%
When can Raj talk to girls?When he's drunk
75%
She plays the role of PennyKaley Cuoco
69%
Where are Leonard, Sheldon, Howard, and Raj employed?Caltech
67%
This group sings the opening themeThe Barenaked Ladies
63%
Raj mentioned in season 5, episode 21 "The Hawking Excitation" that Sheldon has begged how many times in his life?3
61%
This Network airs new episodesCBS
59%
He plays the role of Leonard HofstadterJohnny Galecki
54%
The Big Bang Theory has become the most watched entertainment TV show in what country?Canada
38%
He plays the role of Howard WolowitzSimon Helberg
37%
What name did Penny call Sheldon to taunt him in "The Terminator Decoupling"?Moon Pie
33%
At what point of an episode is physics usually discussed?The Beginining
31%
He plays the role of Rajesh KoothrappaliKunal Nayyar
29%

Score Distribution

Percentile by Number Answered

Percent of People with Each Score

Your Score History

You have not taken this quiz since the last reset